| 000 | 00887nas a2200289 i 4500 | ||
|---|---|---|---|
| 001 | 1843 | ||
| 003 | ES-MaACL | ||
| 005 | 20250217134408.0 | ||
| 007 | t| | ||
| 008 | 950801d19051913sp | | 1 ||pa d | ||
| 022 | _a1131-0324 | ||
| 080 | _a460 | ||
| 245 | 0 | 0 |
_aRevista española de dermatología y sifilografía / _cdir. Luis del Portillo. |
| 260 |
_aMadrid : _b[Revista Española de Dermatología y Sifiliografía], _c1905-1913. |
||
| 300 |
_a1 v. ; _c24 cm. |
||
| 310 | _aMensual | ||
| 362 | 0 | _aAño 7, n.7 (en. 1905)-año 15, n.180 (dic. 1913) | |
| 650 | 1 | 4 |
_aPatología. _915884 |
| 650 | 0 | 4 |
_aDermatología. _911784 |
| 650 | 0 | 4 |
_aSífilis. _917092 |
| 700 | 1 |
_aPortillo, Luis del _9194302 _epbd |
|
| 780 | 0 | 0 | _tRevista española de sifiliografía y dermatología |
| 852 |
_aES-MaACL _jHem-281 |
||
| 866 | 0 | _o(1906). | |
| 942 | _2udc | ||
| 999 |
_c1843 _d1843 |
||